| 000 | 00518nam a22001577a 4500 | ||
|---|---|---|---|
| 003 | NUST | ||
| 038 | _aNusrat Nadeem | ||
| 082 | _a200 | ||
| 100 |
_aRubab Rehman, _9133511 |
||
| 245 |
_aTransfer Learning for Radio Channel Modeling in UAV-Based mmWave Radio Networks/ _cRehman, Rubab |
||
| 264 |
_aIslamabad: _bSEECS NUST. _c2026. |
||
| 650 |
_aMS-Electrical Engineering _923567 |
||
| 700 |
_aSupervisor: Dr Sajjad Hussain _996913 |
||
| 856 | _uhttp://10.250.8.41:8080/xmlui/handle/123456789/57435 | ||
| 942 |
_2ddc _cSC |
||
| 999 |
_c616469 _d616469 |
||